Welcome to CU Library Online Public Access Catalogue (OPAC)

The essential elements of public speaking / (Record no. 9680)

MARC details
000 -LEADER
fixed length control field 00692cam a2200217 a 4500
001 - CONTROL NUMBER
control field 15027109
005 - DATE AND TIME OF LATEST TRANSACTION
control field 20260424164428.0
008 - FIXED-LENGTH DATA ELEMENTS--GENERAL INFORMATION
fixed length control field 070928s2009 maua b 001 0 eng
020 ## - INTERNATIONAL STANDARD BOOK NUMBER
International Standard Book Number 9780205543007
020 ## - INTERNATIONAL STANDARD BOOK NUMBER
International Standard Book Number 0205543006
050 00 - LIBRARY OF CONGRESS CALL NUMBER
Classification number PN4129.15
Item number .D48 2009
082 00 - DEWEY DECIMAL CLASSIFICATION NUMBER
Classification number 808.5/1
Edition information 22
100 1# - MAIN ENTRY--PERSONAL NAME
Personal name DeVito, Joseph A.
245 14 - TITLE STATEMENT
Title The essential elements of public speaking /
Statement of responsibility, etc. Joseph A. DeVito.
250 ## - EDITION STATEMENT
Edition statement 3rd ed.
260 ## - PUBLICATION, DISTRIBUTION, ETC.
Place of publication, distribution, etc. Boston, MA :
Name of publisher, distributor, etc. Pearson/Allyn and Bacon,
Date of publication, distribution, etc. c2009.
300 ## - PHYSICAL DESCRIPTION
Extent xxi, 329 p. :
Other physical details col. ill. ;
Dimensions 26 cm.
650 #0 - SUBJECT ADDED ENTRY--TOPICAL TERM
Topical term or geographic name entry element Public speaking.
856 41 - ELECTRONIC LOCATION AND ACCESS
Materials specified Table of contents only
Uniform Resource Identifier <a href="http://www.loc.gov/catdir/toc/ecip082/2007040333.html">http://www.loc.gov/catdir/toc/ecip082/2007040333.html</a>
942 ## - ADDED ENTRY ELEMENTS (KOHA)
Source of classification or shelving scheme Library of Congress Classification
Koha item type Books
Edition 3rd Ed.
Suppress in OPAC No
999 ## -
-- 9680
-- 9680
Holdings
Withdrawn status Lost status Source of classification or shelving scheme Damaged status Not for loan Collection Home library Current library Shelving location Date acquired Total checkouts Full call number Barcode Date last seen Copy number Price effective from Koha item type
    Library of Congress Classification     Non-fiction Business Library (Miotso) Business Library (Miotso) General stacks 03/27/2026   PN4129.15 .D48 2009 BSSM00003929 04/24/2026 1 03/27/2026 Books
© 2023-2024 Copyright: Central University Libraries. All Rights Reserved | Created by: Mahone Tech Office